El Salvador: la situación de los derechos humanos octubre 1979-julio 1981

Informa sobre la situación de los derechos humanos en El Salvador entre octubre de 1979 y julio de 1981 - utiliza, para elaborar el informe, la formulación de quejas, denuncias, documentos estadísticos, demandas judiciales, declaraciones de testigos y estudio de la legislación promulgada por la junt...

Cur síos iomlán

Sábháilte in:
Sonraí bibleagrafaíochta
Údar corparáideach: Socorro Jurídico del Arzobispado de San Salvador
Formáid: Téacs
Foilsithe / Cruthaithe: México: Consejo Mundial de Iglesias
Clibeanna: Cuir clib leis
Níl clibeanna ann, Bí ar an gcéad duine le clib a chur leis an taifead seo!

MARC

LEADER 00000 a a2200000 04500
001 20650
003
040
090 |a 087400  
110 |a Socorro Jurídico del Arzobispado de San Salvador  
245 |a El Salvador: la situación de los derechos humanos octubre 1979-julio 1981  
260 |a México:   |b Consejo Mundial de Iglesias  
300 |a 457 p.  
520 |a Informa sobre la situación de los derechos humanos en El Salvador entre octubre de 1979 y julio de 1981 - utiliza, para elaborar el informe, la formulación de quejas, denuncias, documentos estadísticos, demandas judiciales, declaraciones de testigos y estudio de la legislación promulgada por la junta de gobierno. Examina las fuentes jurídicas en torno a los derechos individuales, así como las limitaciones, restricciones, violaciones de tales derechos. Enfatiza en las acciones represivas, contra individuos y grupos. Y en las medidas de exterminio practicadas por el régimen. Concluye que se han cometido graves y numerosas violaciones a los derechos humanos a la vida, a la seguridad física y a la libertad personal  
999 |c 11416  |d 11416